Word Ladder: Italy Quiz Stats

 Plays Quiz Updated Jul 1, 2012

Support Sporcle.
Go Orange.
Score 0/44 Timer 05:00
0 Plays Today
Clue 4-Letter Word % Correct
☆Italy's capital city☆ROME
98.6%
☆Leaning tower of ____PISA
91.2%
☆Mona ____, da Vinci's opus☆LISA
91%
☆Italy's shape☆BOOT
86.9%
Fixed abodeHOME
85.1%
☆Italian car manufacturer☆FIAT
83.1%
Seafaring vesselBOAT
82.9%
Castle's aqueous boundaryMOAT
81.8%
Largest amountMOST
81.7%
☆Italian currency before the Euro☆LIRA
80.7%
Chess pieceROOK
80.7%
Balled handFIST
80.5%
Numbered cubesDICE
80.4%
ManuscriptBOOK
79.9%
Water droplets suspended in airMIST
79.6%
Chair or beanbagSEAT
78.8%
Granite, gneiss or obsidian ROCK
78.2%
Great achievementFEAT
78.2%
Snooty Spice GirlPOSH
77.8%
Fizzy drinkSODA
76.7%
Violent dancing, perhaps in a pitMOSH
76.1%
Produce offspring or a term of address for a kingSIRE
75.7%
Clue 4-Letter Word % Correct
Rolling stones gather none of thisMOSS
75%
Meat with little or no fatLEAN
74.9%
State of unconsciousness COMA
73.7%
Prefix meaning sameHOMO
73%
AbysmalDIRE
72.4%
☆Adriatic, Ionian and Tyrrhenian☆SEAS
72%
☆Italian lake frequented by George Clooney☆COMO
70.9%
Bird imitationPISH
70.4%
☆Goodbye in Italian☆CIAO
68.4%
John or Giovanni in FrenchJEAN
68%
iPhone's female chatterboxSIRI
66.7%
☆Il ____, Mussolini's moniker☆DUCE
66.1%
Waddling waderDUCK
64.5%
MeadowsLEAS
63.9%
Wet soilMUCK
61.7%
DerideMOCK
61.7%
Intoxicating drugSOMA
60.3%
Sections of soil and grassSODS
59.8%
Members of 60's subcultureMODS
58.2%
☆Italian river☆LIRI
57.9%
Double-edged Chinese swordJIAN
32.9%
One tenth of a YuanJIAO
32.5%

Today's Daily Dose

You're not logged in!

Compare scores with friends on all Sporcle quizzes.
OR
Log In

From the Vault

Violence on Television II

by druhutch

No animated characters were harmed in the making of this quiz. Probably.
Remove Ads.
Support Sporcle.
Get the best of Sporcle when you Go Orange. This ad-free experience offers more features, more stats, and more fun while also helping to support Sporcle. Thank you for becoming a member.

Show Comments

Extras

Top Quizzes Today


Score Distribution

Your Account Isn't Verified!

In order to create a playlist on Sporcle, you need to verify the email address you used during registration. Go to your Sporcle Settings to finish the process.

Report this User

Report this user for behavior that violates our Community Guidelines.

Details: